000
00357nam a2200169Ia 4500
100
_a
Shah/Sharanam/ Shah/Vaishali
650
_a
Programming
942
_c
BK
366
_f
20
654
_a
LAMP
245
_a
LAMP Programming
260
_b
Shroff Publ.
_c
2009
082
_a
5.133
_b
SHA
300
_a
1201
546
_a
ENGLISH
_c
Computers
999
_c
24559
_d
24559